Places in Idaho - sudden death - Statistics

General Stats
  • This quiz has been taken 55 times
    39 since last reset
  • The average score is 17 of 30
Answers on the Grid
Answers color-coded by a green-red scale on the quiz's grid according to % correct below.
Vancouver
Boise
Borah Peak
Lake Superior
St. Basil's Cathedral
Orange County
Fruitland
Rio Rancho
Hells Canyon
The Fillmore
Craters of the Moon Preserve
Fort Hall Reservation
Yellowstone
Greenwich Village
Pocatello
Salmon River
The Louvre
Rocky Mountains
Bouaké
Nampa
Snake River
Boeing factory
Lake Pend Oreille
The Shoshone Falls
Bruneau Dunes
Suffolk
Lee's Summit
The Badlands
Island Park
Kootenai Reservation
Zhongshan
Coeur d'Alene
Butembo
Tahoua
Mawlamyine
Bitterroot Range
Caldwell
Rockland
Lewiston
Palm Bay
Meridian
Lemhi Reservation
White Cloud Mountains
Boise Art Museum
Vallejo
Twin Falls
Idaho Falls
Diamond Peak
Pueblo
Koutiala
Sawtooth Mountains
Hemingway's house
Bauchi
Land below sea level
 
Answer Stats
Answer % Correct
Boise
86%
Coeur d'Alene
81%
Snake River
81%
Idaho Falls
76%
Pocatello
76%
Boise Art Museum
71%
Rocky Mountains
71%
Salmon River
71%
Hells Canyon
67%
Lewiston
67%
Meridian
67%
Sawtooth Mountains
62%
The Shoshone Falls
62%
Caldwell
57%
Craters of the Moon Preserve
57%
Nampa
57%
Twin Falls
57%
Yellowstone
52%
Borah Peak
48%
Bruneau Dunes
48%
Kootenai Reservation
48%
Fruitland
43%
Lemhi Reservation
43%
Bitterroot Range
38%
Fort Hall Reservation
38%
Lake Pend Oreille
38%
Island Park
29%
White Cloud Mountains
24%
Diamond Peak
19%
Hemingway's house
19%
No matching quizzes found
Score Distribution
Percent of People with Each Score
Percentile by Number Answered
Your Score History
You have not taken this quiz since the last reset